000 00257nam a2200097Ia 4500
005 20251222114343.0
008 251222s1900||||xx |||||||||||||| ||spa||
082 _aDVD0192/F41/2004
245 0 _aCharla: la protección jurídica de la persona humana:
942 _cDVD
999 _c926
_d926